[Event "ICS rated standard match"]
[Site "204.178.125.65"]
[Date "1999.11.29"]
[Round "?"]
[White "netpi"]
[Black "Hossa"]
[Result "1-0"]
[WhiteElo "2427"]
[BlackElo "2213"]
[PlyCount "181"]
[EventDate "1999.??.??"]

1. e4 e6 2. d4 d5 3. Nc3 Nf6 4. e5 Nfd7 5. Nf3 c5 6. Bg5 Qb6 7. dxc5 Bxc5 8.
Na4 Bxf2+ 9. Ke2 Qa6+ 10. Kxf2 Qxa4 11. c4 Qa5 12. cxd5 exd5 13. b4 Qxb4 14.
Qxd5 Qc5+ 15. Qxc5 Nxc5 16. Rc1 b6 17. Be3 Be6 18. Bxc5 bxc5 19. Bb5+ Ke7 20.
Rxc5 a6 21. Bd3 Ra7 22. Rc2 Rd7 23. Be4 h5 24. Rb1 Re8 25. Ke3 Bd5 26. Rb6 Bxe4
27. Kxe4 Kf8 28. Kf5 Rde7 29. Rd6 g6+ 30. Kf4 Kg7 31. a3 Rb7 32. Rc3 Rb2 33. g3
Rb7 34. h3 Rbe7 35. g4 hxg4 36. hxg4 Rh8 37. Ke4 Rhe8 38. g5 Kg8 39. Kf4 Kg7
40. Rc2 Rh8 41. Ke4 Rhe8 42. a4 Rb7 43. Rc4 Rh8 44. e6 fxe6 45. Rxe6 Rh5 46.
Rc8 Kf7 47. Rf6+ Kg7 48. Rd6 Rh1 49. Re6 Rf1 50. Ne5 Re1+ 51. Kd4 Kh7 52. Ree8
Rd1+ 53. Ke3 Re1+ 54. Kf4 Rf1+ 55. Ke4 Re1+ 56. Kd5 Rd1+ 57. Kc5 Rc1+ 58. Nc4
Kg7 59. Rg8+ Kh7 60. Rh8+ Kg7 61. Rcg8+ Kf7 62. Rxb8 Rxb8 63. Rxb8 Rg1 64. Ne5+
Ke6 65. Kd4 Rd1+ 66. Ke4 Re1+ 67. Kf4 Rf1+ 68. Nf3 Kd5 69. Rb6 a5 70. Rb5+ Kc4
71. Rxa5 Rc1 72. Ra6 Kb4 73. Rxg6 Kxa4 74. Rg8 Rc5 75. g6 Rc7 76. Nd4 Rd7 77.
Ra8+ Kb4 78. Ne6 Rd1 79. Rb8+ Kc3 80. Rc8+ Kb4 81. g7 Rf1+ 82. Ke4 Re1+ 83. Kf5
Rf1+ 84. Kg6 Rg1+ 85. Ng5 Rc1 86. Rxc1 Kb3 87. g8=Q+ Kb2 88. Qc8 Kb3 89. Qb7+
Ka2 90. Rc8 Ka3 91. Ra8# {Hossa checkmated} 1-0

[Event "ICS rated blitz match"]
[Site "204.178.125.65"]
[Date "1999.11.29"]
[Round "?"]
[White "Hossa"]
[Black "THEDEVIL"]
[Result "1-0"]
[WhiteElo "2397"]
[BlackElo "2116"]
[PlyCount "82"]
[EventDate "1999.??.??"]

1. e4 c6 2. Nc3 d5 3. Qf3 dxe4 4. Nxe4 Nd7 5. d4 Ndf6 6. Nxf6+ Nxf6 7. Ne2 e6
8. Bf4 Bd6 9. Bxd6 Qxd6 10. O-O-O O-O 11. Qg3 Qxg3 12. Nxg3 b6 13. Be2 Bb7 14.
Rhe1 Rac8 15. Bf3 Rfd8 16. c3 Ba8 17. Ne4 Nxe4 18. Bxe4 h6 19. Kc2 Kf8 20. Rd3
Bb7 21. Rde3 Ba6 22. b4 Bc4 23. a4 c5 24. dxc5 bxc5 25. bxc5 Rxc5 26. Rb1 Rdc8
27. Rb2 Ba6 28. Bb7 Bxb7 29. Rxb7 R8c7 30. Rxc7 Rxc7 31. Re4 Ke7 32. Rb4 Kd6
33. Kd3 f5 34. c4 e5 35. Rb8 Kc5 36. Kc3 Rd7 37. a5 Rd4 38. Rb5+ Kd6 39. Rb7
Rd1 40. Rxa7 e4 41. Rf7 41... g5 {THEDEVIL resigns} 1-0

[Event "ICS rated blitz match"]
[Site "204.178.125.65"]
[Date "1999.11.29"]
[Round "?"]
[White "THEDEVIL"]
[Black "Hossa"]
[Result "0-1"]
[WhiteElo "2111"]
[BlackElo "2402"]
[PlyCount "32"]
[EventDate "1999.??.??"]

1. d4 Nf6 2. e3 g6 3. Bd3 Bg7 4. Nd2 Nc6 5. f4 Nb4 6. Be2 O-O 7. c3 Nbd5 8.
Ndf3 Ne4 9. Bd3 Ndf6 10. Nd2 d5 11. Ngf3 Bf5 12. Qe2 e6 13. O-O c5 14. Ne5 cxd4
15. exd4 Rc8 16. h3 16... Ng3 {THEDEVIL resigns} 0-1

[Event "ICS rated blitz match"]
[Site "204.178.125.65"]
[Date "1999.11.29"]
[Round "?"]
[White "Hossa"]
[Black "THEDEVIL"]
[Result "1-0"]
[WhiteElo "2407"]
[BlackElo "2106"]
[PlyCount "23"]
[EventDate "1999.??.??"]

1. e4 c6 2. Nc3 d5 3. Qf3 dxe4 4. Nxe4 Nd7 5. d4 Ngf6 6. Bg5 Nxe4 7. Qxe4 Qa5+
8. Bd2 Qb6 9. O-O-O Nf6 10. Qe5 Be6 11. Ba5 Nd7 12. Qe1 {THEDEVIL resigns} 1-0

[Event "ICS rated blitz match"]
[Site "204.178.125.65"]
[Date "1999.11.29"]
[Round "?"]
[White "THEDEVIL"]
[Black "Hossa"]
[Result "1/2-1/2"]
[WhiteElo "2101"]
[BlackElo "2412"]
[PlyCount "68"]
[EventDate "1999.??.??"]

1. d4 Nf6 2. e3 g6 3. Bd3 Bg7 4. f4 O-O 5. Nf3 d5 6. Nbd2 Bg4 7. O-O e6 8. h3
Bf5 9. g4 Bxd3 10. cxd3 Nc6 11. Nb3 Qd6 12. Bd2 Rab8 13. Rc1 Nd7 14. Qc2 f6 15.
Nc5 Nxc5 16. Qxc5 Qd7 17. b4 a6 18. a4 Rfe8 19. b5 axb5 20. axb5 Ne7 21. Rc3
Ra8 22. Rb1 Rec8 23. Ra3 b6 24. Qb4 c5 25. bxc6 Nxc6 26. Qb2 Rxa3 27. Qxa3 Qc7
28. Qb3 Rb8 29. Rc1 Qb7 30. Qb5 Na7 31. Qb3 Nc6 32. Qb5 Na7 33. Qb3 Nc6 34. Qb5
34... Na7 {Game drawn by repetition} 1/2-1/2

[Event "ICS rated blitz match"]
[Site "204.178.125.65"]
[Date "1999.11.29"]
[Round "?"]
[White "Falke"]
[Black "Hossa"]
[Result "1/2-1/2"]
[WhiteElo "2370"]
[BlackElo "2417"]
[PlyCount "70"]
[EventDate "1999.??.??"]

1. d4 Nf6 2. c4 g6 3. Nc3 d5 4. cxd5 Nxd5 5. e4 Nxc3 6. bxc3 c5 7. Nf3 Bg7 8.
Rb1 O-O 9. Be2 Nc6 10. d5 Bxc3+ 11. Bd2 Bxd2+ 12. Qxd2 Nd4 13. Nxd4 cxd4 14.
Rb4 Qa5 15. Rxd4 Qxd2+ 16. Rxd2 Bd7 17. O-O Rac8 18. Rb1 b6 19. f4 Kg7 20. g3
h6 21. Rdb2 Rc5 22. Ba6 Rd8 23. Re1 Bc8 24. Bf1 e6 25. Bg2 exd5 26. exd5 Kf6
27. Rbe2 Bb7 28. Rd2 Rd6 29. Re5 g5 30. Be4 Rc1+ 31. Kf2 g4 32. Rd4 Ra1 33. Rd2
Rc1 34. Re8 Rc5 35. Re5 35... Rc1 {Game drawn by repetition} 1/2-1/2

[Event "ICS rated blitz match"]
[Site "204.178.125.65"]
[Date "1999.11.29"]
[Round "?"]
[White "Hossa"]
[Black "Falke"]
[Result "1-0"]
[WhiteElo "2415"]
[BlackElo "2372"]
[PlyCount "140"]
[EventDate "1999.??.??"]

1. e4 e5 2. Nf3 Nf6 3. Nxe5 d6 4. Nf3 Nxe4 5. d4 d5 6. Bd3 Nc6 7. O-O Bg4 8. c4
Nf6 9. cxd5 Qxd5 10. Nc3 Qh5 11. Re1+ Be7 12. Bb5 Bxf3 13. Qxf3 Qxf3 14. gxf3
Rd8 15. Bxc6+ bxc6 16. Bf4 Rxd4 17. Be3 Rd7 18. Bxa7 Nd5 19. Na4 O-O 20. Nc5
Rd6 21. Nd3 Rg6+ 22. Kh1 Bd6 23. Bd4 Rh6 24. Be5 Ra8 25. Bg3 Rf6 26. Kg2 Rg6
27. a3 Kf8 28. Rac1 Nf4+ 29. Nxf4 Bxf4 30. Rc4 Bg5 31. Kf1 Rb8 32. Re2 Rb3 33.
f4 Bf6 34. Rce4 Rb8 35. f5 Rxg3 36. fxg3 Bxb2 37. a4 Ba3 38. a5 Bc5 39. a6 Rd8
40. Kg2 Ra8 41. Ra2 Ba7 42. Rh4 Kg8 43. Re2 c5 44. Re7 Bb6 45. Rhe4 Kf8 46. Rd7
c4 47. Ree7 f6 48. Rxg7 Rxa6 49. Rxh7 Kg8 50. Rhg7+ Kf8 51. Rdf7+ Ke8 52. Rxf6
Ra2+ 53. Kh3 Bd4 54. Rg8+ Kd7 55. Rf7+ Kc6 56. Rc8 Bb6 57. f6 c3 58. Rg7 Rf2
59. Rg4 Rxf6 60. Rc4+ Kd7 61. Rh8 Rf3 62. Rh6 Re3 63. Kh4 Re2 64. h3 Re3 65.
Rg6 Ba5 66. Ra6 Re5 67. Kg4 Rd5 68. h4 Kd8 69. h5 Re5 70. h6 70... Re7 {
Falke resigns} 1-0

[Event "ICS rated blitz match"]
[Site "204.178.125.65"]
[Date "1999.11.29"]
[Round "?"]
[White "JudgeTurpin"]
[Black "Hossa"]
[Result "1-0"]
[WhiteElo "2480"]
[BlackElo "2429"]
[PlyCount "97"]
[EventDate "1999.??.??"]

1. e4 e6 2. d4 d5 3. Nc3 Bb4 4. Bd3 c5 5. exd5 Qxd5 6. Bd2 Qxd4 7. Nf3 Qd8 8.
a3 Ba5 9. Ne4 Qb6 10. Bxa5 Qxa5+ 11. Nfd2 Qc7 12. Nc4 Kf8 13. O-O Nd7 14. Ned6
Ngf6 15. Qe2 Qc6 16. a4 h5 17. Rfd1 Rh6 18. Kh1 h4 19. h3 Kg8 20. Be4 Nxe4 21.
Nxe4 Qa6 22. Rd6 b6 23. Rad1 Qb7 24. Qe3 Qc7 25. Ng5 Nf8 26. R6d2 f6 27. Rd8
Qc6 28. R1d6 Qb7 29. Nxe6 Bxe6 30. Qxe6+ Kh7 31. Qe8 Rxd8 32. Rxd8 a5 33. Qxf8
Qe4 34. Qg8+ Kg6 35. Rd7 Rh7 36. Qf7+ Kh6 37. Ne3 c4 38. Rd5 Qxd5 39. Ng4+ Kg5
40. Qxd5+ Kg6 41. Qe4+ Kf7 42. Qxh7 Ke6 43. Qxg7 Kd6 44. Qxf6+ Kd7 45. Ne5+ Kc7
46. Qe7+ Kc8 47. Qd7+ Kb8 48. Nc6+ Ka8 49. Qa7# {Hossa checkmated} 1-0

[Event "ICS Rated blitz match"]
[Site "204.178.125.65"]
[Date "1999.11.29"]
[Round "?"]
[White "Hossa"]
[Black "Falke"]
[Result "1-0"]
[WhiteElo "2415"]
[BlackElo "2358"]
[PlyCount "257"]
[EventDate "1999.??.??"]

1. e4 e5 2. Nf3 Nf6 3. Nxe5 d6 4. Nf3 Nxe4 5. d4 d5 6. Bd3 Nc6 7. O-O Bg4 8. c4
Nf6 9. cxd5 Qxd5 10. Nc3 Qh5 11. Re1+ Be7 12. Bb5 Bxf3 13. Qxf3 Qxf3 14. gxf3
Rd8 15. Bxc6+ bxc6 16. Bf4 Rxd4 17. Be3 Rd7 18. Bxa7 Nd5 19. Na4 O-O 20. Nc5
Rd6 21. Nd3 Rg6+ 22. Kh1 Bd6 23. Bd4 Rh6 24. Be5 f6 25. Bg3 Ra8 26. a3 f5 27.
f4 Be7 28. Rad1 Rd6 29. Ne5 Bf6 30. Nc4 Rdd8 31. Kg2 Ra4 32. b3 Ra7 33. Kg1 Rb8
34. b4 Nb6 35. Na5 Rba8 36. Rc1 Bb2 37. Rc2 Bxa3 38. Nxc6 Ra4 39. Re7 Rc8 40.
Ra2 g6 41. Bh4 Rca8 42. Bf6 Nd5 43. Rg7+ Kf8 44. Be5 Nxb4 45. Rxa3 Nxc6 46.
Rxa4 Rxa4 47. Rxc7 Ne7 48. Bd6 Re4 49. Kg2 Kf7 50. h4 Re6 51. Be5 Rc6 52. Rd7
Ke6 53. Rd8 Rc2 54. Rd6+ Kf7 55. Kg3 Ke8 56. Rb6 Kf7 57. f3 Rc1 58. Rf6+ Ke8
59. Rd6 Rg1+ 60. Kf2 Rh1 61. Bf6 Rc1 62. Re6 Rc2+ 63. Kg3 Rc7 64. Rd6 Rd7 65.
Ra6 Kf7 66. Be5 Nd5 67. Ra8 Ke6 68. Re8+ Kf7 69. Rc8 Rb7 70. Rd8 Nf6 71. Kf2
Re7 72. Ke3 Nd7 73. Kd4 Nf6 74. Kc3 Kg7 75. Rd6 Rf7 76. Kd4 Rf8 77. Kc5 h6 78.
Kc4 Rf7 79. Kd3 Rf8 80. Kd4 Rf7 81. Ke3 Rf8 82. Kd3 Rf7 83. Kd4 Rf8 84. Rc6
Rd8+ 85. Kc5 Rf8 86. Rd6 Rf7 87. Re6 Rf8 88. Kc4 Rc8+ 89. Kb3 Rf8 90. Kb2 Rf7
91. Kc3 Rf8 92. Rc6 Rf7 93. Kd4 Rd7+ 94. Kc4 Rf7 95. Kb5 Rf8 96. Re6 Rf7 97.
Kc4 h5 98. Rd6 Rc7+ 99. Kd3 Rf7 100. Rc6 Rd7+ 101. Kc3 Rf7 102. Kd4 Rd7+ 103.
Ke3 Rf7 104. Re6 Rf8 105. Rd6 Rf7 106. Rc6 Rf8 107. Re6 Rf7 108. Kd4 Rd7+ 109.
Kc5 Rf7 110. Kd6 Rd7+ 111. Kc6 Rf7 112. Kc5 Rf8 113. Re7+ Kh6 114. Ra7 Ne8 115.
Kd5 Nf6+ 116. Ke6 Ne8 117. Re7 Rg8 118. Kf7 Kh7 119. Rxe8 Rxe8 120. Kxe8 Kg8
121. Bd4 g5 122. fxg5 f4 123. Ke7 Kh7 124. Kf6 Kg8 125. Bc5 Kh7 126. Kf7 Kh8
127. Bd4+ Kh7 128. g6+ Kh6 129. Bg7# {Falke checkmated} 1-0

[Event "ICS Rated blitz match"]
[Site "204.178.125.65"]
[Date "1999.11.29"]
[Round "?"]
[White "Zippy"]
[Black "Hossa"]
[Result "0-1"]
[WhiteElo "2297"]
[BlackElo "2428"]
[PlyCount "90"]
[EventDate "1999.??.??"]

1. e4 e6 2. d4 a6 3. Nc3 Nf6 4. e5 Nd5 5. Nxd5 exd5 6. Qh5 Nc6 7. c3 Be7 8. Ne2
Na5 9. Nf4 g6 10. Qh6 Bf8 11. Qh3 c6 12. Be2 Bg7 13. O-O O-O 14. b4 d6 15. e6
Nc4 16. Bxc4 dxc4 17. Re1 fxe6 18. Nxe6 Qf6 19. f3 Re8 20. Qxh7+ Kxh7 21. Ng5+
Qxg5 22. Bxg5 Bf5 23. g4 Bd3 24. Rac1 Rxe1+ 25. Rxe1 a5 26. bxa5 Rxa5 27. Bf4
Ra3 28. Re7 Rxc3 29. Rxb7 Rc2 30. Bxd6 Rc1+ 31. Kf2 Kg8 32. Be5 Bf8 33. a4 Ra1
34. Ke3 Rxa4 35. Rb8 Kf7 36. Rc8 Ra6 37. h4 Ba3 38. Kd2 Bc1+ 39. Kxc1 c3 40.
Rc7+ Ke8 41. Rc8+ Kd7 42. Rc7+ Kd8 43. Bf6+ Kxc7 44. Be5+ Kc8 45. d5 45... Ra1#
{Zippy checkmated} 0-1

[Event "ICS Rated blitz match"]
[Site "204.178.125.65"]
[Date "1999.11.29"]
[Round "?"]
[White "Hossa"]
[Black "LoadedGun"]
[Result "0-1"]
[WhiteElo "2438"]
[BlackElo "2523"]
[PlyCount "108"]
[EventDate "1999.??.??"]

1. e4 e6 2. d4 d5 3. Nc3 Nf6 4. e5 Nfd7 5. Nf3 c5 6. Bg5 Qb6 7. dxc5 Bxc5 8.
Na4 Bxf2+ 9. Ke2 Qa5 10. Kxf2 h6 11. Be3 Qxa4 12. c4 Qa5 13. cxd5 exd5 14. b4
Qxb4 15. Qxd5 O-O 16. Bb5 a6 17. Rab1 Qa3 18. Bc4 Nc6 19. Rhf1 Qe7 20. Kg1 Re8
21. Bf4 Rd8 22. Qe4 Nf6 23. Qc2 Nd5 24. Bxd5 Rxd5 25. Rb6 Be6 26. Bg3 Rc8 27.
Qb2 Rc7 28. Bh4 Qd7 29. Bg3 Rd1 30. Re1 Kh8 31. Qa3 Rxe1+ 32. Nxe1 Qd4+ 33. Bf2
Qxe5 34. Qf8+ Kh7 35. a3 Qe2 36. h3 Ne5 37. Rb1 Bf5 38. Qb8 Rc4 39. Rxb7 Rc1
40. Rb2 Rxe1+ 41. Bxe1 Qxe1+ 42. Kh2 Qe3 43. Rb3 Qf4+ 44. Kg1 Be6 45. Rb1 Qg3
46. Kh1 Bd5 47. Qb2 Qxh3+ 48. Kg1 Qg3 49. Qc2+ g6 50. Rc1 Ng4 51. Qd2 Qh2+ 52.
Kf1 Bf3 53. gxf3 Qxd2 54. fxg4 54... Qxc1+ {Hossa resigns} 0-1

[Event "ICS Rated blitz match"]
[Site "204.178.125.65"]
[Date "1999.11.29"]
[Round "?"]
[White "Hossa"]
[Black "Zippy"]
[Result "0-1"]
[WhiteElo "2426"]
[BlackElo "2287"]
[PlyCount "74"]
[EventDate "1999.??.??"]

1. e4 c5 2. c4 Nf6 3. e5 Ng8 4. Nc3 Nc6 5. Nf3 d6 6. exd6 e5 7. Nb5 Bxd6 8. Qe2
Nge7 9. Qd3 Nd4 10. Nfxd4 cxd4 11. Nxd6+ Qxd6 12. Be2 O-O 13. Qa3 Qxa3 14. bxa3
Bf5 15. O-O Rae8 16. Re1 b6 17. c5 bxc5 18. Bb5 Rb8 19. Rxe5 Rxb5 20. Rxe7 Ra5
21. f4 h6 22. Kf2 Bd3 23. g4 f5 24. gxf5 Rxf5 25. Kg3 Ra6 26. h4 Rg6+ 27. Kf3
Rgf6 28. Kg3 Rxf4 29. h5 R4f5 30. Re8+ Kf7 31. Re3 Rg5+ 32. Kh3 Bf1+ 33. Kh2
Rf2+ 34. Kh1 Bg2+ 35. Kh2 Be4+ 36. Kh3 Bf5+ 37. Kh4 37... Rf4# {
Hossa checkmated} 0-1

[Event "ICS Rated blitz match"]
[Site "204.178.125.65"]
[Date "1999.11.29"]
[Round "?"]
[White "SuperChicken"]
[Black "Hossa"]
[Result "0-1"]
[WhiteElo "2698"]
[BlackElo "2404"]
[PlyCount "140"]
[EventDate "1999.??.??"]

1. e4 c5 2. Nf3 e6 3. d4 cxd4 4. Nxd4 Nc6 5. Nc3 a6 6. Be2 Qc7 7. O-O Nf6 8.
Be3 d6 9. f4 Be7 10. Qe1 O-O 11. Qg3 d5 12. e5 Ne4 13. Nxe4 dxe4 14. Nxc6 Qxc6
15. c3 Rd8 16. Rad1 Rd7 17. Qf2 Qa4 18. Rxd7 Bxd7 19. a3 Qb3 20. Rd1 Bc6 21.
Bg4 Rd8 22. Rxd8+ Bxd8 23. Qd2 Bb6 24. Kf1 Bd5 25. Bxb6 Qxb6 26. Be2 e3 27. Qc1
Be4 28. g4 f6 29. exf6 gxf6 30. h4 Kf7 31. b4 f5 32. a4 Ke7 33. a5 Qa7 34. Qe1
fxg4 35. Bxg4 Bd3+ 36. Kg2 b5 37. axb6 Qxb6 38. Kf3 e2 39. h5 h6 40. Bh3 Qb7+
41. Kg3 Qe4 42. Bg2 Qe3+ 43. Bf3 e5 44. fxe5 Bc4 45. e6 Kxe6 46. Kg4 Kf6 47.
Kg3 Ke5 48. Kg2 Kf5 49. Kg3 Kf6 50. Kg2 Ke6 51. Bg4+ Ke7 52. Bf3 Kd7 53. Kg3
Kc7 54. Kg4 Qg5+ 55. Kh3 Be6+ 56. Kh2 Qf4+ 57. Kg2 Bc4 58. b5 axb5 59. Bxe2 Qe3
60. Qf2 Qxe2 61. Kg3 Qxf2+ 62. Kxf2 Bf7 63. Ke3 Bxh5 64. Kf4 Kd6 65. Ke3 Kc5
66. Ke4 Kc4 67. Ke5 Kxc3 68. Kf6 Kb2 69. Kg7 Kb1 70. Kxh6 70... Be2 {
SuperChicken resigns} 0-1

[Event "ICS Rated blitz match"]
[Site "204.178.125.65"]
[Date "1999.11.29"]
[Round "?"]
[White "Hossa"]
[Black "SuperChicken"]
[Result "0-1"]
[WhiteElo "2431"]
[BlackElo "2671"]
[PlyCount "174"]
[EventDate "1999.??.??"]

1. e4 e5 2. Nf3 Nc6 3. Bb5 a6 4. Ba4 Nf6 5. O-O Be7 6. Bxc6 dxc6 7. Nxe5 Nxe4
8. d3 Nc5 9. Re1 O-O 10. Nc3 f6 11. Nc4 Re8 12. d4 Ne6 13. d5 cxd5 14. Nxd5 b5
15. Nxe7+ Qxe7 16. Na5 Qb4 17. Nc6 Qc5 18. Nd4 Qd5 19. Nxe6 Qxd1 20. Rxd1 Bxe6
21. Be3 Kf7 22. a4 g5 23. b4 Bf5 24. Rd5 Bxc2 25. Rd7+ Kg6 26. axb5 axb5 27.
Rc1 c6 28. Rd6 Be4 29. Bd4 Rf8 30. Bc5 g4 31. Re1 Bd5 32. h3 gxh3 33. gxh3 h5
34. Kh2 Kf5 35. Bd4 Ra2 36. Kg3 Rc2 37. Kh2 Rc4 38. Bc5 Rg8 39. Rf1 Bf3 40. Rd3
Be2 41. Rfd1 Bxd1 42. Rxd1 Re4 43. Rd3 Re1 44. Rc3 h4 45. Rc2 Rge8 46. Rd2 R1e2
47. Rd3 Ra2 48. Kg2 Rc2 49. Kf3 Re6 50. Rd7 Rc1 51. Rh7 Rc3+ 52. Kg2 Rc4 53.
Rh5+ Kg6 54. Rh8 Rce4 55. Rd8 Kf5 56. Rd2 Kf4 57. Kh2 f5 58. Kg2 Rg6+ 59. Kf1
Rc4 60. Rd7 Re6 61. Kg2 Ke5 62. Be7 Rg6+ 63. Kh2 f4 64. Rd3 Ke4 65. Rd1 Rc2 66.
Bc5 f3 67. Kh1 Rg2 68. Be3 Rc4 69. Rb1 Kd3 70. Bc5 Rxc5 71. bxc5 Rxf2 72. Rb4
Rc2 73. Rf4 Ke3 74. Rf6 Rxc5 75. Kg1 Rc1+ 76. Kh2 Rc2+ 77. Kg1 c5 78. Re6+ Kf4
79. Rg6 Rg2+ 80. Rxg2 fxg2 81. Kf2 c4 82. Kxg2 c3 83. Kf2 c2 84. Ke2 c1=Q 85.
Kf2 Qd2+ 86. Kg1 Kf3 87. Kf1 87... Qc1# {Hossa checkmated} 0-1

[Event "ICS Rated blitz match"]
[Site "204.178.125.65"]
[Date "1999.11.29"]
[Round "?"]
[White "SuperChicken"]
[Black "Hossa"]
[Result "1-0"]
[WhiteElo "2677"]
[BlackElo "2425"]
[PlyCount "135"]
[EventDate "1999.??.??"]

1. e4 c5 2. Nf3 e6 3. d4 cxd4 4. Nxd4 Nc6 5. Nc3 a6 6. Be2 Qc7 7. O-O Nf6 8.
Be3 d6 9. f4 Be7 10. Qe1 O-O 11. Qg3 d5 12. exd5 exd5 13. Rfe1 Re8 14. Bd3 Bc5
15. Nxc6 Rxe3 16. Rxe3 bxc6 17. Na4 Bxe3+ 18. Qxe3 Bg4 19. Re1 Qa5 20. b3 Bd7
21. Qf2 Be6 22. c3 Qd8 23. Nc5 Bc8 24. Qe3 a5 25. Qe7 Bg4 26. Qxd8+ Rxd8 27. h3
Bc8 28. Kf2 Nd7 29. Nxd7 Bxd7 30. a3 Re8 31. Rxe8+ Bxe8 32. b4 axb4 33. cxb4 h5
34. a4 Bd7 35. a5 Kf8 36. a6 Bc8 37. b5 cxb5 38. Bxb5 h4 39. Ke3 Ke7 40. Kd4
Kd6 41. a7 Bb7 42. Ba4 Kc7 43. Be8 f6 44. Bf7 Kb6 45. Bxd5 Kxa7 46. Bxb7 Kxb7
47. Kd5 f5 48. Ke6 Kc7 49. Kf7 Kd6 50. Kxg7 Kd5 51. Kf6 Ke4 52. Kg5 Ke3 53.
Kxf5 Kd4 54. Kg5 Ke3 55. f5 Kd4 56. f6 Ke4 57. f7 Kd4 58. f8=Q Ke4 59. Qf5+ Kd4
60. Kxh4 Kc4 61. g4 Kd4 62. g5 Kc4 63. g6 Kd4 64. g7 Kc3 65. g8=Q Kb4 66. Qa2
Kc3 67. Qc5+ Kd3 68. Qac2# {Hossa checkmated} 1-0

[Event "ICS Rated blitz match"]
[Site "204.178.125.65"]
[Date "1999.11.29"]
[Round "?"]
[White "Hossa"]
[Black "Zippy"]
[Result "1/2-1/2"]
[WhiteElo "2419"]
[BlackElo "2309"]
[PlyCount "166"]
[EventDate "1999.??.??"]

1. e4 e5 2. Nf3 Nc6 3. Bb5 a6 4. Ba4 Nf6 5. O-O Be7 6. Bxc6 dxc6 7. Nxe5 Nxe4
8. d3 Nd6 9. Nc3 O-O 10. Re1 Nf5 11. Be3 Nxe3 12. Rxe3 Bc5 13. Re1 Qd4 14. Qd2
Bf5 15. Nf3 Qb4 16. a3 Qg4 17. Ne4 Bd6 18. Nxd6 cxd6 19. Re7 b5 20. Rae1 h6 21.
b3 Be6 22. Re4 Qg6 23. Qf4 d5 24. Re1 c5 25. Ne5 Qf5 26. Qxf5 Bxf5 27. g4 Be6
28. Nd7 Bxd7 29. Rxd7 Rad8 30. Rc7 Rc8 31. Ree7 b4 32. a4 Rxc7 33. Rxc7 f5 34.
gxf5 Rxf5 35. Rxc5 Kf7 36. Ra5 Rg5+ 37. Kf1 Rg6 38. Rxd5 Rc6 39. Rd4 Rxc2 40.
Rxb4 Rd2 41. d4 Ke6 42. Rb6+ Kd5 43. Rxa6 Rb2 44. Rg6 Rxb3 45. Rxg7 Kxd4 46.
Rg6 Rh3 47. Kg2 Rh5 48. f3 Kc3 49. Kg3 Ra5 50. Rxh6 Rxa4 51. h4 Kd4 52. Rd6+
Ke5 53. Rd1 Kf5 54. h5 Kg5 55. Rh1 Kh6 56. f4 Ra5 57. Kg4 Ra2 58. Rg1 Rh2 59.
Rc1 Rg2+ 60. Kf3 Rh2 61. Rc5 Rh1 62. Rf5 Rf1+ 63. Ke4 Rd1 64. Ke5 Re1+ 65. Kd5
Re2 66. Rg5 Re1 67. Kd6 Re4 68. Rf5 Re1 69. Kd7 Re3 70. Kc6 Rd3 71. Kc5 Rd7 72.
Kc4 Rd2 73. Kc3 Rd8 74. Kb4 Rd3 75. Kb5 Rd4 76. Kb6 Rc4 77. Ka7 Rb4 78. Ka8 Rb6
79. Ra5 Rf6 80. f5 Kxh5 81. Kb8 Kg4 82. Kc8 Rxf5 83. Rxf5 83... Kxf5 {
Game drawn because neither player has mating material} 1/2-1/2

[Event "ICS Rated blitz match"]
[Site "204.178.125.65"]
[Date "1999.11.29"]
[Round "?"]
[White "PackMaster"]
[Black "Hossa"]
[Result "0-1"]
[WhiteElo "2541"]
[BlackElo "2412"]
[PlyCount "60"]
[EventDate "1999.??.??"]

1. d4 Nf6 2. c4 g6 3. Nc3 d5 4. Nf3 Bg7 5. Qb3 e6 6. cxd5 exd5 7. Bg5 c6 8. Qa3
h6 9. Bh4 Bf5 10. O-O-O Nbd7 11. Qb4 Qb6 12. Qd6 Rc8 13. e3 Bf8 14. Bxf6 Bxd6
15. Bxh8 Kf8 16. Nh4 Be6 17. f4 Kg8 18. Be5 Be7 19. g3 Nxe5 20. fxe5 c5 21. Kc2
Bg5 22. Ng2 Bxe3 23. dxc5 Bxc5 24. Kb1 Bd4 25. Na4 Qc6 26. Bd3 Qxa4 27. Nf4 Qb4
28. Rd2 Qxd2 29. Bc2 Qxc2+ 30. Ka1 30... Bxb2# {PackMaster checkmated} 0-1

[Event "ICS Rated blitz match"]
[Site "204.178.125.65"]
[Date "1999.11.29"]
[Round "?"]
[White "Hossa"]
[Black "PackMaster"]
[Result "1/2-1/2"]
[WhiteElo "2434"]
[BlackElo "2519"]
[PlyCount "164"]
[EventDate "1999.??.??"]

1. e4 d5 2. exd5 Qxd5 3. Nc3 Qa5 4. d4 Nf6 5. Bc4 Bg4 6. f3 Bf5 7. g4 Bg6 8. g5
Nfd7 9. Bd2 Qb6 10. Nd5 Qc6 11. Qe2 e6 12. O-O-O Bxc2 13. Kxc2 b5 14. Bf4 Na6
15. Kb1 Qxc4 16. Qxc4 bxc4 17. Nxc7+ Nxc7 18. Bxc7 Be7 19. d5 Bxg5 20. d6 e5
21. Nh3 Bh6 22. Rhe1 O-O 23. Re4 Rac8 24. Rxc4 Be3 25. Rd3 Bb6 26. Rdc3 Bd4 27.
Rc2 Rfe8 28. Rb4 Re6 29. Ra4 Rf6 30. Ra3 Rg6 31. Rd3 f6 32. Rd1 Be3 33. Re1 Bc5
34. Rec1 Rh6 35. Ng1 Bd4 36. b3 Rh4 37. Rd1 Rf4 38. Rc4 Rf5 39. Ne2 Rxf3 40.
Nxd4 exd4 41. Rdxd4 Rf2 42. Rc2 Rf1+ 43. Rc1 Rxc1+ 44. Kxc1 Kf7 45. Ra4 Ra8 46.
Rh4 h6 47. Rf4 g6 48. Rh4 h5 49. Ra4 f5 50. Rc4 g5 51. Kd2 Kg6 52. Kc3 Re8 53.
Kd2 f4 54. Ba5 f3 55. Rc7 Re2+ 56. Kd1 Rxh2 57. Be1 Ne5 58. d7 Nf7 59. Rc6+ Kg7
60. Bc3+ Kh7 61. Rf6 Nd8 62. Rxf3 Rh1+ 63. Ke2 Rh2+ 64. Rf2 Rxf2+ 65. Kxf2 Nb7
66. Ba5 g4 67. Kg3 Kg6 68. Kf4 Kg7 69. Kg5 g3 70. d8=Q Nxd8 71. Bxd8 Kf7 72.
Bc7 g2 73. Bh2 Ke6 74. Kxh5 Kd5 75. Kg4 a5 76. Bg1 Kc6 77. Kf3 Kb5 78. Kxg2 Kb4
79. Bb6 a4 80. Bd8 axb3 81. Be7+ Ka4 82. axb3+ 82... Kxb3 {
Game drawn because neither player has mating material} 1/2-1/2

[Event "ICS rated blitz match"]
[Site "204.178.125.65"]
[Date "1999.11.29"]
[Round "?"]
[White "Hossa"]
[Black "Captivator"]
[Result "1-0"]
[WhiteElo "2438"]
[BlackElo "2245"]
[Annotator "Hiarcs 7.32 (11s)"]
[PlyCount "29"]
[EventDate "1999.??.??"]

1. e4 1... Nf6 {Opening = 7.a4 Bg7} 2. e5 Nd5 3. c4 Nb6 4. d4 d6 5. exd6 cxd6
6. Nc3 g6 7. a4 Bg7 8. a5 N6d7 9. Be3 O-O 10. Nf3 Nc6 11. d5 (11. Qa4 e5 12.
dxe5 dxe5 13. c5 Nd4 14. Ne4 Nf6 15. Nd6 Bd7 16. Qd1 Nxf3+ 17. gxf3 Bc6 18. Bd3
Ng4 19. Be4 Nxe3 20. fxe3 Qh4+ 21. Ke2 Rfd8 22. Bxc6 bxc6 23. Ra4 Qh3 24. Qf1
Qe6 25. Rb4 Rab8 26. Qe1 Qd5 27. Nb7 Qd3+ 28. Kf2 Qc2+ 29. Kg3 Rd2 30. a6 Rg2+
31. Kh3 Re2 32. Qb1 Rxh2+ 33. Rxh2 Qxb1 34. Rd2 Qe1 35. Rd8+ {
0-1 Guid,M-Grabert,R/Bled op 1995/EXP 46 (35)}) 11... Nce5 12. Nxe5 12... Nxe5
$146 (12... Bxe5 13. Qb3 $14) 13. Be2 13... e6 $16 (13... Bf5 $5 14. g4 14...
Bc8 $16) 14. f4 Nd7 15. dxe6 (15. dxe6 Bxc3+ 16. bxc3 $16) 1-0

[Event "ICS Rated bullet match"]
[Site "204.178.125.65"]
[Date "1999.11.29"]
[Round "?"]
[White "JSBach"]
[Black "Hossa"]
[Result "0-1"]
[WhiteElo "2070"]
[BlackElo "2600"]
[PlyCount "102"]
[EventDate "1999.??.??"]

1. d4 Nf6 2. Bf4 g6 3. Nd2 Nc6 4. e3 Bg7 5. Bd3 Nd5 6. Bg5 h6 7. Be4 hxg5 8.
Bxd5 e6 9. Be4 d5 10. Bd3 e5 11. dxe5 Bxe5 12. c3 Rxh2 13. Rxh2 Bxh2 14. Ngf3
Bd6 15. Qa4 Bd7 16. O-O-O Nb4 17. Bb5 Nd3+ 18. Kb1 Nxf2 19. Bxd7+ Qxd7 20.
Qxd7+ Kxd7 21. Rf1 Ng4 22. Nxg5 f5 23. Re1 Re8 24. Nh7 Rxe3 25. Rg1 Re2 26. Kc1
Bf4 27. Rd1 Nf2 28. Nf8+ Kd8 29. Nxg6 Be3 30. Rf1 Bxd2+ 31. Kb1 f4 32. a3 Nd3
33. Nh4 Be1 34. Rf3 Rxb2+ 35. Ka1 Rd2 36. Ng6 Bg3 37. Nf8 Ne1 38. Ne6+ Kd7 39.
Nc5+ Kc8 40. Ne6 Nxf3 41. gxf3 Rd3 42. Kb2 Rxf3 43. Ng5 Re3 44. Kb3 Bh4 45. Nf7
f3 46. Nh6 Re4 47. Ka2 f2 48. Nf5 f1=Q 49. Nxh4 Qe2+ 50. Ka1 Qd1+ 51. Kb2 51...
Re2# {JSBach checkmated} 0-1